00520nam a2200145Ia 4500008004100000020001400041245009600055260006800151516002000219650002500239650001400264650001300278830002600291856005700317150121s9999 xx 000 0 und d a2244-1557 aIAMURE :bInternational Journal of Science and Clinical Laboratory /h[electronic resource] bInternational Association of Multidisciplinary Research,c2014. aElectronic text aClinical Laboratory. aMedicine. aScience. aPhilippine E-Journals uhttp://www.ejournals.ph/index.php?journal=IAMURE-SCI